000
00329nam a2200133Ia 4500
008
191201s2018 xx 000 0 und d
082
_a
615.31 DHC
100
_a
DHARUMAN, J
245
0
_a
Chemistry of Synthetic Drugs
260
_b
AITBS Pub
_a
New delhi
_c
2018
300
_a
312
650
_a
Medicinal Chemistry
942
_2
ddc
_c
BK
999
_c
8207
_d
8207